000 00543nam a2200193Ia 4500
005 20250508162926.0
008 008 250505s9999 xx 000 0 eng d
037 _aTextual
040 _aFEDL
_beng
_cFEDL
041 _aeng
_2eng
084 _a370.1, SOD
_qFEDL
100 _aSodhi T. S.
245 0 _aEducational philosophy of Guru Nank
260 _aPatiala, India
_bBawa Publication
_c1993
300 _axv,336p
650 _aEducation - Philosolphy
_9756482
942 _cTEXL
_h370.1, SOD
999 _c1379467
_d1379467